Normal view
MARC view
Entry Topical Term
001 - CONTROL NUMBER
- control field: 25529
003 - CONTROL NUMBER IDENTIFIER
- control field: OSt
005 - DATE AND TIME OF LATEST TRANSACTION
- control field: 20211105134944.0
008 - FIXED-LENGTH DATA ELEMENTS
- fixed length control field: 211105|| aca||aabn | a|a d
040 ## - CATALOGING SOURCE
- Original cataloging agency: OSt
- Transcribing agency: OSt
150 ## - HEADING--TOPICAL TERM
- Topical term or geographic name entry element: Solar Jets
670 ## - SOURCE DATA FOUND
- Source citation: Work cat.: (OSt): International Meeting on Solar Jets and Coronal Plumes Guadeloupe, France 1998 Feb. 23-26 25527, Solar jets and coronal plumes, 1998